• 首页
  • 本馆介绍
  • 公告通知
  • 最新文献
  • 馆藏检索
  • 电子资源
  • 读者导购
  • 参考咨询
  • 我的图书馆
  • 登录
  • 详细信息显示
  • 放入我的书架
  • 预约/预借图书
  • 作者相关作品
  • 分类相关作品
  • 丛书相关作品
  • 出版社相关作品

书目信息

  • 表格格式
  • 工作单格式
  • 卡片格式
题名:
建筑保温材料性能及其表征方法
    
 
作者: 孙诗兵 编著
分册:  
出版信息: 北京   化学工业出版社  2017.04
页数: 172页
开本: 24cm
丛书名:
单 册:
中图分类: TU55
科图分类:
主题词: 建筑材料:隔热材料--保温材料--研究
电子资源:
ISBN: 978-7-122-28802-8
000 01347nam0 2200277 450
001 ZJTS
005 20170619171917.57
010    @a978-7-122-28802-8@b@dCNY68.00
100    @a20170310d2017 em y0chiy0110 ea
101 0  @achi
102    @aCN@b110000
105    @aa z 000yy
106    @ar
200 1  @a建筑保温材料性能及其表征方法@Ajian zhu bao wen cai liao xing neng ji qi biao zheng fang fa@f孙诗兵等编著@g
210    @a北京@c化学工业出版社@d2017.04
215    @a172页@c图@d24cm
312    @a封面英文题名:Properties and characterizations of building thermal insulation materials
330    @a本书首先阐述了保温工程对保温系统性能要求及其表征方法,进而说明对保温材料性能要求,阐明保温工程、保温系统(保温构造)、保温材料三者之间的关系及其所构成的标准化体系;然后从构造安全性、防火安全性、耐久性、热工性能等方面,分别阐述保温材料性能表征的内容、物理意义和工程意义、测试方法、影响因素等;最后分别描述了有机保温材料和无机保温材料的生产方法、具体的性能指标、性能特点等。
333    @a本书适用于建筑保温材料制造、保温系统生产开发等技术人员
510 1  @aProperties and characterizations of building thermal insulation materials@zeng
606 0  @a建筑材料:隔热材料@x保温材料@x研究
690    @aTU55@v5
701  0 @a孙诗兵@Asun shi bing@4编著
801  0 @aCN@bZHONGJIAO@c20170609@g
905    @aBZT@dTU55@e3
906    @dCNY68.00@n3@r1
    
    建筑保温材料性能及其表征方法/孙诗兵等编著.-北京:化学工业出版社,2017.04
    172页:图;24cm
    使用对象:本书适用于建筑保温材料制造、保温系统生产开发等技术人员
    
    ISBN 978-7-122-28802-8:CNY68.00
    本书首先阐述了保温工程对保温系统性能要求及其表征方法,进而说明对保温材料性能要求,阐明保温工程、保温系统(保温构造)、保温材料三者之间的关系及其所构成的标准化体系;然后从构造安全性、防火安全性、耐久性、热工性能等方面,分别阐述保温材料性能表征的内容、物理意义和工程意义、测试方法、影响因素等;最后分别描述了有机保温材料和无机保温材料的生产方法、具体的性能指标、性能特点等。
●
相关链接 在五车中查询图书 在当当中查询图书 在豆瓣中查询图书


正题名:建筑保温材料性能及其表征方法     索取号:TU55/3         预约/预借

序号 登录号 条形码 馆藏地/架位号 状态 备注
1 830459   2000830459   第二书库/ [索取号:TU55/3] 在馆    
2 830460   2000830460   第二书库/ [索取号:TU55/3] 在馆    
3 830461   2000830461   第二书库/ [索取号:TU55/3] 在馆    
山东省滨州职业学院图书馆 欢迎您!
大连网信软件有限公司© 版权所有